Biomedical innovation in India : (Record no. 16766)

MARC details
000 -LEADER
fixed length control field 01641nam a22002655a 4500
005 - DATE AND TIME OF LATEST TRANSACTION
control field 20070322232507.0
008 - FIXED-LENGTH DATA ELEMENTS--GENERAL INFORMATION
fixed length control field 061025s2007 ii b 001 0 eng
010 ## - LCCN (DPL NO)
LC control number B-260937-941
020 ## - INTERNATIONAL STANDARD BOOK NUMBER
International Standard Book Number 8124112274
Terms of availability 495.00
035 ## - SYSTEM CONTROL NUMBER
System control number B-260937-941
040 ## - CATALOGING SOURCE
Original cataloging agency dpl
Language of cataloging English
082 ## - DEWEY DECIMAL CLASSIFICATION NUMBER
Classification number 610.280954
100 ## - MAIN ENTRY--PERSONAL NAME
Personal name Banerjee, Parthasarathi
245 ## - TITLE STATEMENT
Title Biomedical innovation in India :
Remainder of title with a comparison to China and others /
Statement of responsibility, etc Parthasarathi Banerjee.
260 ## - PUBLICATION, DISTRIBUTION, ETC. (IMPRINT)
Place of publication, distribution, etc New Delhi :
Name of publisher, distributor, etc Har-Anand Publications,
Date of publication, distribution, etc 2007.
300 ## - PHYSICAL DESCRIPTION
Extent 276 p.
Dimensions 22 cm (Hb)
504 ## - BIBLIOGRAPHY, ETC. NOTE
Bibliography, etc Includes bibliographical references and index.
942 ## - ADDED ENTRY ELEMENTS (KOHA)
Source of classification or shelving scheme Dewey Decimal Classification
Item type English Books
Classification part 610.280954
Call number suffix BAN
Holdings
Withdrawn status Lost status Source of classification or shelving scheme Damaged status Not for loan Collection code Home library Current library Date acquired Source of acquisition Cost, normal purchase price Total Checkouts Full call number Barcode Date last seen Copy number Cost, replacement price Koha item type Public note
Written off   Dewey Decimal Classification     Non-fiction Central Library Central Library 11/11/2008 Book Mark/3575/1.4.08/72/30.10.07/19.5.08 495.00   610.280954 BAN B-260937 11/11/2008 1 495.00 English Books Written off on approval by DLB (By Circulation); dtd 15-06-2023
    Dewey Decimal Classification     Non-fiction Karol Bagh Karol Bagh 11/11/2008   495.00   610.280954 BAN B-260940 11/11/2008 1 495.00 English Books  
    Dewey Decimal Classification     Non-fiction Patel Nagar Patel Nagar 11/11/2008   495.00 2 610.280954 BAN B-260938 22/04/2019 1 495.00 English Books  
    Dewey Decimal Classification     Non-fiction Sarojini Nagar Sarojini Nagar 11/11/2008   495.00   610.280954 BAN B-260939 11/11/2008 1 495.00 English Books  
    Dewey Decimal Classification     Non-fiction Shahdara Branch Shahdara Branch 11/11/2008   495.00   610.280954 BAN B-260941 11/11/2008 1 495.00 English Books  

© Delhi Public Library
Hit Counter
free hit counter